[Event "Match"]
[Site "www.echecsemail.com"]
[Date "2015.03.19"]
[Round "1"]
[White "Dominiquer"]
[Black "F14"]
[WhiteElo "1740"]
[BlackElo "1850"]
[Result "1-0"]
[Round "1"]
1.e4 c5
2.c3 d5
3.exd5 Qd8xd5
4.d4 Ng8f6
5.Ng1f3 Bc8g4
6.Qd1a4 Nb8c6
7.Bf1c4 Qd5e4
8.Bc4e2 e6
9.Nb1d2 Qe4d5
10.Nd2c4 Bf8e7
11.Nc4b6 axb6
12.Qa4xa8 Nc6d8
13.Qa8a4 Nd8c6
14.Qa4a8 Nc6d8
15.Be2b5 Nf6d7
16.Bb5xd7 Qd5xd7
17.Nf3e5 Qd7d5
18.O-O Bg4e2
19.Rf1e1 Be2a6
20.Qa8a7 O-O
21.Qa7xb6 cxd4
22.Qb6xd4 Qd5xd4
23.cxd4 Nd8c6
24.Ne5f3 Be7b4
25.Re1e3 h6
26.Bc1d2 Bb4xd2
27.Nf3xd2 Nc6xd4
28.Ra1b1 Rf8c8
29.Nd2f3 Nd4xf3
30.Re3xf3 Rc8c2
31.Rf3c3 Rc2d2
32.h3 Ba6d3
33.Rc3c8 Kh7
34.Rb1c1 Rd2xb2
35.Rc8c7 Bd3g6
36.Rc1d1 Rb2xa2
37.Rc7xb7 Ra2a5
38.Rd1d8 h5
39.h4 Ra5f5
40.Rb7b8 Kh6
41.Rd8h8 Bg6h7
42.g3 Kg6
43.Kg2 Rf5d5
44.Kf3 Rd5f5
45.Kg2 Rf5d5
46.Rb8d8 Rd5c5
47.f4 Rc5f5
48.Kf3 e5
49.Rd8d5 f6
50.Ke4 Kh6
51.Rh8xh7 Kg6
52.Rh7xg7 Kh6
53.Kxf5 exf4
54.Kxf6 f3
55.Rg7g6 Kh7
56.Rd5d7 Kh8
57.Rg6g7 { resign }
1-0

[Event "1/32 Finale"]
[Site "www.chess-mail.com"]
[Date "2015.03.19"]
[Round "1"]
[White "Vega"]
[Black "Averoes"]
[WhiteElo "2500"]
[BlackElo "2090"]
[Result "1-0"]
[Round "1"]
1.e4 c6
2.d4 d5
3.e5 Bc8f5
4.Nb1c3 e6
5.Ng1f3 c5
6.Bc1e3 cxd4
7.Nf3xd4 Bf5g6
8.h4 h5
9.Bf1d3 Bg6xd3
10.cxd3 Nb8c6
11.Nd4xc6 bxc6
12.Qd1a4 Qd8c7
13.O-O Ng8e7
14.Ra1c1 Ne7f5
15.Nc3e2 Nf5xe3
16.fxe3 Ra8c8
17.Ne2d4 Kd7
18.Rf1xf7 { resign }
1-0

[Event "Eq:chibcha-Equipo Juan Diaz : "]
[Site "www.chess-mail.com"]
[Date "2015.03.19"]
[Round "1"]
[White "Tbsundar"]
[Black "Ecijaajedrez"]
[WhiteElo "2140"]
[BlackElo "2590"]
[Result "0-1"]
[Round "1"]
1.d4 d5
2.c4 e6
3.e3 Ng8f6
4.Ng1f3 Bf8e7
5.b3 O-O
6.Bf1d3 b6
7.Nb1d2 Bc8b7
8.Bc1b2 Nb8d7
9.O-O c5
 { time }
0-1

[Event "Eq:La Taverne-Cats in the rain : "]
[Site "www.chess-mail.com"]
[Date "2015.03.19"]
[Round "1"]
[White "Gilliere"]
[Black "Mrbabu"]
[WhiteElo "1840"]
[BlackElo "2070"]
[Result "1-0"]
[Round "1"]
1.e4 c5
2.Ng1f3 Nb8c6
3.d4 cxd4
4.Nf3xd4 a6
5.Nd4xc6 bxc6
6.Nb1c3 e6
7.a3 d5
8.exd5 exd5
9.g3 Ng8f6
10.Bf1g2 Bc8e6
11.O-O Bf8e7
12.Rf1e1 h6
13.b4 O-O
14.Bc1b2 Qd8c7
15.Ra1b1 Rf8d8
16.Qd1e2 Rd8e8
17.Nc3d1 a5
18.Bb2c3 axb4
19.axb4 Ra8c8
20.Bc3xf6 Be7xf6
21.c3 Be6g4
22.Qe2d2 Bf6g5
23.Re1xe8 Rc8xe8
24.Nd1e3 Bg5xe3
25.fxe3 Qc7e5
26.Rb1e1 Bg4f5
27.Kf2 Bf5e4
28.Bg2xe4 Qe5xe4
29.h4 Re8e6
30.Kg1 Re6g6
31.Kh2 Qe4g4
32.Re1g1 Rg6f6
33.Rg1g2 Rf6f1
34.Qd2e2 Rf1f3
35.Rg2g1 h5
36.Rg1g2 Qg4e4
37.Rg2f2 Qe4xe3
38.Qe2xf3 { resign }
1-0

[Event "Tourn. n8071"]
[Site "www.chess-mail.com"]
[Date "2015.03.19"]
[Round "1"]
[White "Blackpool"]
[Black "Vasylpuzanov"]
[WhiteElo "2030"]
[BlackElo "2080"]
[Result "0-1"]
[Round "1"]
1.d4 d5
2.c4 e6
3.Nb1c3 Ng8f6
4.Bc1g5 Bf8b4
5.e3 O-O
6.a3 Bb4xc3
7.bxc3 h6
8.Bg5h4 c5
9.Ng1f3 Nb8c6
10.Bf1e2 Qd8a5
11.Qd1b3 Nf6e4
12.cxd5 exd5
13.Ra1c1 Rf8e8
14.O-O c4
15.Qb3b2 Qa5b6
16.Qb2a1 Nc6a5
17.Rc1b1 Na5b3
18.Qa1a2 Ne4xc3
{ resign }
0-1

[Event "Tourn. n8048"]
[Site "www.chess-mail.com"]
[Date "2015.03.19"]
[Round "1"]
[White "Colchester"]
[Black "Julian"]
[WhiteElo "1870"]
[BlackElo "1980"]
[Result "0-1"]
[Round "1"]
1.Ng1f3 Ng8f6
2.c4 d6
3.d4 g6
4.Nb1c3 Bf8g7
5.e4 Nb8d7
6.Bf1e2 c6
7.O-O O-O
8.Bc1e3 e5
9.d5 Qd8e7
10.Qd1d2 Rf8d8
11.Rf1d1 cxd5
12.cxd5 Nf6h5
13.b4 a6
14.a4 Nd7f8
15.b5 axb5
16.axb5 Ra8xa1
17.Rd1xa1 Nh5f4
18.Be3xf4 exf4
19.Ra1c1 f5
20.exf5 Bc8xf5
21.Nf3d4 Bg7xd4
22.Be2f3 Bd4c5
23.Rc1e1 Qe7f6
{ resign }
0-1

[Event "Tourn. n8103"]
[Site "www.chess-mail.com"]
[Date "2015.03.19"]
[Round "1"]
[White "Comrade"]
[Black "Umzi"]
[WhiteElo "2210"]
[BlackElo "2070"]
[Result "0-1"]
[Round "1"]
1.c4 e5
2.Nb1c3 Ng8f6
3.g3 d5
4.cxd5 Nf6xd5
5.Bf1g2 Nd5xc3
6.bxc3 Bf8c5
7.d3 O-O
8.e3 c6
9.Ng1e2 Bc8f5
10.d4 exd4
11.exd4 Bc5b6
12.O-O Nb8d7
13.Bc1e3 Nd7f6
 { time }
0-1

[Event "Match"]
[Site "www.echecsemail.com"]
[Date "2015.03.19"]
[Round "1"]
[White "Darknight"]
[Black "Pollemand52"]
[WhiteElo "1720"]
[BlackElo "1809"]
[Result "1-0"]
[Round "1"]
1.e4 e6
2.Bf1c4 d5
3.exd5 exd5
4.Bc4b3 c6
5.d3 Ng8f6
6.h3 Bc8f5
7.Ng1f3 Bf8e7
8.Nf3e5 Nb8d7
9.d4 O-O
10.Bc1g5 Nf6e4
11.Bg5f4 Nd7xe5
12.dxe5 Be7c5
13.Bf4e3 Bc5xe3
14.fxe3 Qd8h4
15.Ke2  { time }
1-0

[Event "Match"]
[Site "www.echecsemail.com"]
[Date "2015.03.19"]
[Round "1"]
[White "F14"]
[Black "Irene"]
[WhiteElo "1840"]
[BlackElo "1980"]
[Result "0-1"]
[Round "1"]
1.d4 d5
2.Ng1f3 Ng8f6
3.c4 dxc4
4.Qd1a4 Nb8c6
5.Qa4xc4 Bc8g4
6.Bc1e3 e6
7.h3 Bg4h5
8.Be3g5 Bh5xf3
9.exf3 Qd8xd4
10.Nb1c3 O-O-O
11.Qc4b5 Bf8b4
12.Qb5c4 Rd8d5
13.Bg5xf6 Qd4d2

0-1

[Event "Match"]
[Site "www.echecsemail.com"]
[Date "2015.03.19"]
[Round "1"]
[White "Darknight"]
[Black "Crush"]
[WhiteElo "1750"]
[BlackElo "1680"]
[Result "1-0"]
[Round "1"]
1.e4 e5
2.Bf1c4 Bf8c5
3.d3 d6
4.h3 Bc8e6
5.Bc4xe6 fxe6
6.Qd1g4 Qd8f6
7.Ng1f3 Nb8c6
8.c3 O-O-O
9.Bc1g5 Qf6f7
10.Bg5xd8 Nc6xd8
11.Nb1d2 Ng8f6
12.Qg4g3 d5
13.Nf3xe5 Qf7h5
14.O-O Bc5d6
15.d4 Qh5e2
16.Ra1d1 dxe4
17.Qg3xg7 Rh8g8
18.Qg7xf6 e3
19.Nd2f3 Qe2xb2
20.Ne5c4 Qb2xa2
21.Nc4xe3 Qa2b2
22.Ne3c4 Qb2xc3
23.Nc4xd6 Kb8
24.Nd6b5 a6
25.Nb5xc3 Rg8g6
26.Qf6xd8 Ka7
27.Qd8xc7 Rg6g8
28.Rd1a1 Ka8
29.Rf1b1 { resign }
1-0

[Event "Match"]
[Site "www.echecsemail.com"]
[Date "2015.03.19"]
[Round "1"]
[White "Ztornad"]
[Black "Mdesouza"]
[WhiteElo "1740"]
[BlackElo "2140"]
[Result "0-1"]
[Round "1"]
1.e4 c5
2.c4 Nb8c6
3.Nb1c3 g6
4.Ng1f3 Bf8g7
5.Bf1d3 d6
6.h3 Ng8f6
7.Nc3d5 O-O
8.Nf3g5 Nf6h5
9.g3 e6
10.Ng5xe6 fxe6
11.Nd5e3 Qd8e7
12.Ne3g2 e5
13.Bd3e2 Qe7f6
14.O-O Bc8xh3
15.Be2g4 Bh3xg4
16.f3 Bg4xf3
17.Qd1b3 Nc6d4
18.Qb3d3 Nd4e2
19.Kh2 Nh5xg3
20.Rf1f2 Qf6g5
21.Rf2xf3 Qg5h5
22.Ng2h4 Qh5xh4
23.Kg2 Qh4h1
 { time }
0-1

[Event "Match"]
[Site "www.echecsemail.com"]
[Date "2015.03.19"]
[Round "1"]
[White "Yangqi"]
[Black "Maestro"]
[WhiteElo "1889"]
[BlackElo "1910"]
[Result "1-0"]
[Round "1"]
1.e4 d5
2.d4 dxe4
3.Nb1c3 Ng8f6
4.f3 exf3
5.Ng1xf3 Bc8g4
6.h3 Bg4xf3
7.Qd1xf3 Nb8c6
8.Bf1b5 Qd8d6
9.d5 O-O-O
10.dxc6 Qd6e5
11.Bc1e3 e6
12.cxb7 Kb8
13.O-O Bf8d6
14.Be3f4 Qe5xf4
15.Qf3xf4 Bd6xf4
16.Rf1xf4 Kxb7
17.Bb5d3 h6
18.Ra1f1 a5
19.Nc3e4 Nf6d5
20.Rf4xf7 g5
21.Ne4c5 Kc6
22.Nc5xe6 Rd8d7
23.Bd3b5 { resign }
1-0

[Event "Match"]
[Site "www.echecsemail.com"]
[Date "2015.03.19"]
[Round "1"]
[White "Genius7"]
[Black "Castletyme"]
[WhiteElo "1730"]
[BlackElo "1830"]
[Result "1/2-1/2"]
[Round "1"]
1.d4 d5
2.Ng1f3 Ng8f6
3.g3 Bc8g4
4.Bf1g2 Bg4xf3
5.Bg2xf3 e6
6.O-O Nb8c6
7.c3 Bf8e7
8.Bf3g2 O-O
9.Bc1g5 Nf6e4
10.Bg5xe7 Nc6xe7
11.Nb1d2 Ne4xd2
12.Qd1xd2 Ne7g6
13.e4 dxe4
14.Bg2xe4 c6
15.Be4xg6 hxg6
16.Qd2e3 b6
17.Rf1e1 { draw }
1/2-1/2

[Event "1/64 Finale"]
[Site "www.chess-mail.com"]
[Date "2015.03.19"]
[Round "1"]
[White "Szustan"]
[Black "Gambitplayer"]
[WhiteElo "2610"]
[BlackElo "1510"]
[Result "1-0"]
[Round "1"]
1.e4 e6
2.d4 d5
3.Nb1c3 Ng8f6
4.e5 Nf6d7
5.Ng1f3 c5
6.Nc3e2 Nb8c6
7.c3 Qd8b6
8.g3 cxd4
9.cxd4 Bf8b4
10.Ne2c3 a6
11.a3 Bb4xc3
12.bxc3 Qb6c7
13.Bc1d2 f6
14.exf6 Nd7xf6
15.Bf1g2 O-O
16.O-O Nf6e4
17.Rf1e1 Bc8d7
18.Re1xe4 dxe4
19.Nf3g5 h6
20.Ng5xe4 Nc6e7
21.Ne4c5 Ra8b8
22.Qd1g4 Ne7f5
23.Bd2f4 Qc7c6
24.Bg2xc6 { resign }
1-0

[Event "Tourn. n8079"]
[Site "www.chess-mail.com"]
[Date "2015.03.19"]
[Round "1"]
[White "Generalfree"]
[Black "Derfel83"]
[WhiteElo "1780"]
[BlackElo "1800"]
[Result "0-1"]
[Round "1"]
1.e4 c5
2.Ng1f3 Nb8c6
3.Bf1c4 e6
4.c3 a6
5.d3 Bf8d6
6.Bc1e3 b5
7.Bc4b3 Ng8f6
8.h3 Bc8b7
9.Nb1d2 h6
10.c4 Nc6b4
11.a3 Nb4xd3
12.Ke2 Nd3xb2
13.Qd1c2 Nb2xc4
14.Nd2xc4 bxc4
15.Qc2xc4 Bb7xe4
16.Rh1d1 Qd8b6
17.Qc4c3 Ra8b8
18.Bb3c4 Qb6b2
19.Qc3xb2 Rb8xb2
20.Kf1 Be4xf3
21.Rd1xd6 Bf3c6
22.Bc4xa6 Nf6e4
23.Rd6d1 O-O
24.f3 Ne4g3
25.Kg1 Ng3e2
26.Kh2 Rf8d8
27.Rd1e1 Ne2d4
28.Be3xd4 cxd4
29.Kg3 f5
30.h4 Rd8a8
31.Ba6c4 Rb2c2
32.Bc4d3 Rc2c3
33.Re1d1 g6
34.Bd3e2 e5
35.Rd1d3 h5
36.Rd3xc3 dxc3
37.Be2c4 d5
38.Bc4d3 f4
39.Kh3 e4
40.fxe4 dxe4
41.Bd3c4 Kg7
42.Bc4b3 Bc6a4
43.Bb3d5 Ra8e8
44.Ra1f1 c2
45.g3 f3
46.g4 Ba4b5
47.Rf1c1 Bb5d3
48.gxh5 gxh5
49.Bd5c6 Re8f8
50.Rc1g1 Kh6
51.Bc6d5 f2
{ resign }
0-1

[Event "Tourn. n8082"]
[Site "www.chess-mail.com"]
[Date "2015.03.19"]
[Round "1"]
[White "Hansen"]
[Black "Cl3537"]
[WhiteElo "1460"]
[BlackElo "1400"]
[Result "1-0"]
[Round "1"]
1.e4 e5
2.d4 exd4
3.Qd1xd4 Nb8c6
4.Qd4c4 Ng8f6
5.Bc1g5 Bf8e7
6.Ng1f3 O-O
7.e5 Nf6g4
8.Qc4xg4 d5
9.e6 fxe6
10.Bf1b5 a6
11.Bb5xc6 bxc6
12.Bg5h6 Be7f6
13.O-O c5
14.Rf1e1 c4
15.Nb1c3 Bc8b7
16.Re1xe6 Bb7c8
17.Ra1e1 Bc8xe6
18.Re1xe6 Bf6e7
19.Qg4xg7 
1-0

[Event "Tourn. n8106"]
[Site "www.chess-mail.com"]
[Date "2015.03.19"]
[Round "1"]
[White "Manolinex"]
[Black "Pgcbies"]
[WhiteElo "2730"]
[BlackElo "2740"]
[Result "1/2-1/2"]
[Round "1"]
1.e4 c6
2.d4 d5
3.Nb1c3 dxe4
4.Nc3xe4 Bc8f5
5.Ne4g3 Bf5g6
6.Ng1f3 Nb8d7
7.Bf1d3 Bg6xd3
8.Qd1xd3 Ng8f6
9.O-O e6
10.Bc1f4 Bf8e7
11.c4 O-O
12.a3 Ra8c8
13.h3 h6
14.Ra1c1 a5
15.Rf1d1 Qd8b6
16.Nf3d2 Qb6xb2
17.Rc1b1 Qb2xa3
18.Qd3c2 Be7d6
19.Rb1b3 Qa3xb3
20.Nd2xb3 Bd6xf4
{ draw }
1/2-1/2

[Event "Match"]
[Site "www.echecsemail.com"]
[Date "2015.03.19"]
[Round "1"]
[White "Kai1"]
[Black "Iko"]
[WhiteElo "1650"]
[BlackElo "1450"]
[Result "0-1"]
[Round "1"]
1.e4 e5
2.Ng1f3 d6
3.d4 Nb8c6
4.Bf1b5 Bc8d7
5.O-O Nc6xd4
6.Bb5xd7 Qd8xd7
7.Nf3xd4 exd4
8.Qd1xd4 f5
9.Bc1e3 Ng8f6
10.f3 c5
11.Qd4d2 Qd7b5
12.b3 fxe4
13.Nb1c3 Qb5c6
14.Ra1d1 exf3
15.Rf1xf3 O-O-O
16.h3 h5
17.Be3g5 b5
18.Bg5xf6 gxf6
19.Rf3xf6 Bf8g7
20.Rf6xd6 Bg7d4
21.Rd6xd4 cxd4
22.Nc3e2 Qc6c5
23.Ne2xd4 Rd8d7
24.b4 Qc5b6
25.Kh1 Rh8d8
26.c3 a5
27.a3 axb4
28.axb4 Kb7
29.Qd2e3 Qb6c7
30.Rd1d3 Rd8a8
31.Qe3e4 Kb8
32.Nd4xb5 Ra8a1
33.Rd3d1 Ra1xd1
{ resign }
0-1

[Event "Match"]
[Site "www.echecsemail.com"]
[Date "2015.03.19"]
[Round "1"]
[White "Generalfree"]
[Black "Fred"]
[WhiteElo "1820"]
[BlackElo "2020"]
[Result "0-1"]
[Round "1"]
1.e4 e5
2.Ng1f3 Nb8c6
3.Bf1b5 Bf8c5
4.Bb5xc6 dxc6
5.Nf3xe5 Qd8d4
6.Ne5f3 Qd4xf2
{ resign }
0-1

[Event "Match"]
[Site "www.echecsemail.com"]
[Date "2015.03.19"]
[Round "1"]
[White "Cardiff"]
[Black "Silent1"]
[WhiteElo "1960"]
[BlackElo "1910"]
[Result "1/2-1/2"]
[Round "1"]
1.d4 d5
2.c4 e6
3.Nb1c3 Ng8f6
4.cxd5 exd5
5.Bc1g5 Bf8e7
6.e3 c6
7.Ng1f3 Bc8g4
8.Bf1e2 O-O
9.O-O Nb8d7
10.h3 Bg4e6
11.Rf1e1 h6
12.Bg5xf6 Nd7xf6
13.Nf3e5 Be7d6
14.Ne5d3 Qd8d7
15.Be2f3 Nf6h7
16.Qd1d2 Qd7e7
17.e4 Nh7g5
18.Qd2e2 Ng5xf3
19.Qe2xf3 Qe7g5
20.e5 Bd6c7
21.Nd3f4 Bc7b6
22.Ra1d1 Bb6a5
23.Qf3e3 Be6f5
24.Qe3g3 Qg5xg3
25.fxg3 Bf5e6
26.Nf4xe6 fxe6
27.Re1f1 Rf8xf1
28.Rd1xf1 Ba5xc3
29.bxc3 Ra8f8
30.Rf1xf8 Kxf8
31.Kf2 Kf7
32.a4 a5
33.g4 g5
34.Ke3 Kg6
35.g3 b5
36.axb5 cxb5
37.Kd3 Kf7
38.Kc2 { draw }
1/2-1/2

[Event "Match"]
[Site "www.echecsemail.com"]
[Date "2015.03.19"]
[Round "1"]
[White "F14"]
[Black "Maxlou"]
[WhiteElo "1870"]
[BlackElo "1830"]
[Result "1-0"]
[Round "1"]
1.e4 Ng8f6
2.e5 Nf6d5
3.Ng1f3 d6
4.d4 Bc8g4
5.Bf1e2 c6
6.exd6 Qd8xd6
7.O-O Nb8d7
8.c4 { resign }
1-0

[Event "Tourn. n8074"]
[Site "www.chess-mail.com"]
[Date "2015.03.20"]
[Round "1"]
[White "Emmanuelasi"]
[Black "Seger"]
[WhiteElo "2250"]
[BlackElo "2640"]
[Result "1-0"]
[Round "1"]
1.e4 c5
2.d4 cxd4
3.c3 dxc3
4.Nb1xc3 Nb8c6
5.Ng1f3 e6
6.Bc1f4 Bf8b4
7.Bf1c4 Ng8f6
8.Qd1e2 Nf6xe4
9.O-O Ne4xc3
10.bxc3 Bb4xc3
11.Ra1c1 Nc6b4
12.Rc1xc3 d5
13.Bc4b5 Nb4c6
14.Rc3xc6 bxc6
15.Bb5xc6 Bc8d7
16.Bc6xa8 Qd8xa8
17.Bf4d6 Qa8c6
18.Bd6a3 Qc6a4
19.Qe2b2 f6
20.Qb2b8 { resign }
1-0

[Event "Tourn. n8044"]
[Site "www.chess-mail.com"]
[Date "2015.03.20"]
[Round "1"]
[White "Maredocla"]
[Black "Hundegana"]
[WhiteElo "1970"]
[BlackElo "1920"]
[Result "1-0"]
[Round "1"]
1.e4 c5
2.Ng1f3 d6
3.Bf1b5 Bc8d7
4.Qd1e2 a6
5.Bb5c4 e6
6.a3 b5
7.Bc4a2 Nb8c6
8.d3 Qd8c7
9.Bc1f4 e5
10.Bf4g3 Bf8e7
11.Nb1c3 Ng8f6
12.h3 h6
13.Qe2d2 Bd7e6
14.Ba2xe6 fxe6
15.O-O O-O-O
16.Nc3a2 Kd7
17.Nf3h4 Nc6d4
18.Nh4g6 Rh8h7
19.c3 Nd4b3
20.Qd2e3 Nb3xa1
21.Rf1xa1 Nf6h5
22.Ng6xe7 Kxe7
23.Na2c1 Nh5xg3
24.Qe3xg3 Kf8
25.Qg3g6 Rh7h8
26.Qg6xe6 Qc7f7
27.Qe6g4 g5
28.Nc1e2 Qf7f6
29.Ne2g3 Rh8h7
30.Ng3f5 h5
31.Qg4e2 d5
32.f3 Rh7d7
33.Ra1f1 d4
34.cxd4 cxd4
35.Rf1c1 Qf6b6
36.Qe2d2 Qb6f6
37.Rc1c5 Rd8e8
38.Qd2b4 Kf7
39.Qb4b3 Kg6
40.Qb3c2 Re8e6
41.Rc5c8 Kh7
42.Qc2c5 Qf6g6
43.Qc5f8 Qg6f6
44.Qf8g8 { resign }
1-0

[Event "Tourn. n8002"]
[Site "www.chess-mail.com"]
[Date "2015.03.20"]
[Round "1"]
[White "Blackpool"]
[Black "Samael"]
[WhiteElo "1840"]
[BlackElo "2090"]
[Result "0-1"]
[Round "1"]
1.d4 d5
2.Ng1f3 e6
3.e3 Ng8f6
4.Bf1d3 Bf8e7
5.c4 h6
6.Nb1c3 Nb8c6
7.O-O Bc8d7
8.b3 O-O
9.Bc1b2 Nc6b4
10.Nf3e5 Nb4xd3
11.Qd1xd3 c6
12.cxd5 cxd5
13.Ra1c1 a6
14.Ne5xd7 Qd8xd7
15.Nc3a4 Be7d8
16.Na4c5 Qd7e7
17.a3 Bd8b6
18.b4 Rf8c8
19.Rc1c2 Bb6xc5
20.dxc5 a5
21.Bb2xf6 Qe7xf6
22.g3 Qf6e7
23.Rf1c1 axb4
24.axb4 Ra8a4
25.Qd3b5 Rc8a8
26.c6 bxc6
27.Rc2xc6 Qe7xb4
28.Rc6c8 Ra8xc8
29.Rc1xc8 Kh7
30.Qb5e8 Ra4a1
31.Kg2 Qb4e4
32.Kh3 Kg6
33.Rc8c7 Qe4f5
34.Kg2 Ra1a2
{ resign }
0-1

[Event "Tourn. n8124"]
[Site "www.chess-mail.com"]
[Date "2015.03.20"]
[Round "1"]
[White "Neo"]
[Black "Drdoom"]
[WhiteElo "1740"]
[BlackElo "1770"]
[Result "0-1"]
[Round "1"]
1.d4 e6
2.e3 d5
3.Ng1f3 Nb8c6
4.Bf1b5 Bc8d7
5.Nf3e5 Nc6xe5
6.Bb5xd7 Ne5xd7
7.c3 Ng8f6
8.O-O b6
9.b4 c5
10.a3 a5
11.b5 c4
12.a4 Bf8d6
13.Bc1a3 Qd8c7
14.Ba3xd6 Qc7xd6
15.h3 O-O
16.Nb1d2 e5
17.dxe5 Nd7xe5
18.Nd2f3 Ne5d3
19.Qd1c2 Nf6e4
20.Nf3d4 Qd6f6
21.Nd4c6 Ne4xf2
22.e4 Qf6d6
23.e5 Qd6e6
24.Qc2e2 Nf2e4
25.Qe2e3 Nd3xe5
26.Nc6xe5 Qe6xe5
27.Ra1c1 Ra8e8
28.Qe3xb6 Ne4xc3
29.Qb6xa5 Nc3e2
30.Kh1 Ne2g3
31.Kg1 Ng3xf1
32.Rc1xf1 Re8a8
33.Qa5b4 h6
34.Rf1e1 Qe5d4
35.Kh1 Qd4b6
36.Re1d1 Rf8d8
37.Rd1a1 Ra8a5
38.Qb4c3 Rd8a8
39.Qc3c2 Qb6c5
40.Qc2f5 g6
41.Qf5e5 Ra5xa4
42.Ra1xa4 Ra8xa4
43.Qe5b8 Kh7
44.b6 Ra4b4
45.b7 Qc5c6
46.Qb8c8 Qc6xb7
47.Qc8f8 Rb4b1
48.Kh2 Qb7d7
49.g4 Qd7c7
50.Kg2 Rb1b3
51.g5 Qc7g3
52.Kf1 Rb3f3
53.Ke2 Qg3f2
54.Kd1 Rf3d3
55.Kc1 Qf2d2
56.Kb1 Rd3b3
57.Ka1 Qd2b2

0-1

[Event "Tourn. n8121"]
[Site "www.chess-mail.com"]
[Date "2015.03.20"]
[Round "1"]
[White "Goga"]
[Black "Blackpool"]
[WhiteElo "1960"]
[BlackElo "1960"]
[Result "1-0"]
[Round "1"]
1.c4 c5
2.Nb1c3 Nb8c6
3.g3 g6
4.Bf1g2 Bf8g7
5.e3 d6
6.Ng1e2 Ng8f6
7.O-O O-O
8.a3 e5
9.d4 cxd4
10.exd4 exd4
11.Ne2xd4 Nc6e5
12.b3 a6
13.Bc1g5 h6
14.Bg5f4 Rf8e8
15.Ra1a2 Qd8c7
16.Ra2d2 g5
17.Bf4xe5 dxe5
18.Nd4c2 Bc8f5
19.Nc2e3 Bf5e6
20.Nc3d5 Be6xd5
21.Ne3xd5 Nf6xd5
22.Bg2xd5 Ra8d8
23.Qd1c2 Rd8d6
24.Rf1d1 Rd6d8
25.Qc2f5 Qc7e7
26.Qf5xf7 Qe7xf7
27.Bd5xf7 { resign }
1-0

[Event "Match"]
[Site "www.echecsemail.com"]
[Date "2015.03.20"]
[Round "1"]
[White "Generalfree"]
[Black "Dspillman"]
[WhiteElo "1770"]
[BlackElo "1650"]
[Result "1-0"]
[Round "1"]
1.e4 e5
2.Ng1f3 d6
3.Bf1c4 Bc8e6
4.Bc4xe6 fxe6
5.d4 exd4
6.Nf3xd4 e5
7.Nd4e6 Qd8e7
8.Qd1g4 g6
9.Bc1g5 Ng8f6
10.Bg5xf6 Qe7xf6
11.Ne6xc7 Kf7
12.Nc7xa8 Nb8a6
13.Qg4c8 Na6c5
14.Nb1c3 Bf8e7
15.Qc8c7 Rh8xa8
16.b4 Nc5e6
17.Qc7xb7 Ra8e8
18.Qb7xa7 Qf6g5
19.O-O Kg7
20.Nc3d5 Kh6
21.Nd5xe7 Re8xe7
22.Qa7e3 Ne6f4
23.g3 Re7f7
24.h4 Qg5g4
25.Rf1d1 Rf7f6
26.Kf1 Kh5
27.gxf4 exf4
28.Rd1d5 g5
29.Rd5xg5 Qg4xg5
30.hxg5 Kxg5
31.Qe3h3 h5
32.b5 d5
33.exd5 h4
34.Ke2 f3
35.Ke3 Rf6b6
36.Ra1g1 Kh5
37.Qh3g4 { resign }
1-0

[Event "Match"]
[Site "www.echecsemail.com"]
[Date "2015.03.20"]
[Round "1"]
[White "Pariolinius"]
[Black "Easychess"]
[WhiteElo "1840"]
[BlackElo "1460"]
[Result "1-0"]
[Round "1"]
1.e4 c5
2.d4 cxd4
3.c3 d5
4.cxd4 dxe4
5.Nb1c3 Ng8f6
6.Bf1c4 e6
7.Bc1g5 Bf8e7
8.Ng1e2 Bc8d7
9.O-O O-O
10.Ne2g3 Bd7c6
11.Bg5e3 Nf6d5
12.Ng3xe4 Nd5xe3
13.fxe3 Nb8d7
14.Bc4d3 Nd7f6
15.Ne4xf6 Be7xf6
16.Qd1c2 Ra8c8
17.Bd3xh7 Kh8
18.Bh7d3 b5
19.Nc3e2 a6
20.Qc2b1 e5
21.Bd3f5 Bc6d7
22.Rf1f3 Bd7xf5
23.Qb1xf5 exd4
24.Rf3h3 { resign }
1-0

[Event "Match"]
[Site "www.echecsemail.com"]
[Date "2015.03.20"]
[Round "1"]
[White "F14"]
[Black "Llord"]
[WhiteElo "1870"]
[BlackElo "1780"]
[Result "1/2-1/2"]
[Round "1"]
1.e4 e5
2.Ng1f3 Nb8c6
3.Bf1b5 a6
4.Bb5a4 b5
5.Ba4b3 Bf8e7
6.d4 exd4
7.Nf3xd4 Nc6xd4
8.Qd1xd4 Ng8f6
9.O-O O-O
10.c4 bxc4
11.Qd4xc4 d6
12.Nb1c3 Bc8e6
13.Nc3d5 Nf6xd5
14.exd5 Be6f5
15.Bc1d2 Be7f6
16.Bd2c3 Bf6xc3
17.Qc4xc3 Qd8g5
18.f4 Qg5g6
19.Bb3d1 Ra8c8
20.Bd1f3 Bf5d3
21.Rf1f2 Rf8e8
22.Qc3d2 h6
23.Ra1d1 Bd3b5
24.b3 c6
25.dxc6 Bb5xc6
26.Qd2xd6 Bc6xf3
27.Qd6xg6 fxg6
28.Rf2xf3 Rc8c2
29.a4 Rc2e2
30.h3 Kf7
31.Rf3f2 Re2e1
32.Rd1xe1 Re8xe1
33.Kh2 Re1b1
34.Rf2f3 Ke6
35.Kg3 Kf5
36.Rf3e3 Kf6
37.a5 g5
38.fxg5 Kxg5
39.Re3f3 h5
40.h4 Kg6
41.Kh3 Rb1h1
42.Kg3 Rh1b1
43.Kh3 Rb1h1
44.Kg3 { draw }
1/2-1/2

[Event "Match"]
[Site "www.echecsemail.com"]
[Date "2015.03.20"]
[Round "1"]
[White "Oxycontin"]
[Black "Cathar"]
[WhiteElo "2040"]
[BlackElo "2120"]
[Result "0-1"]
[Round "1"]
1.e4 c5
2.Ng1f3 Nb8c6
3.Bf1b5 g6
4.c3 Ng8f6
5.Bb5xc6 dxc6
6.e5 Nf6d5
7.Nb1a3 Bf8g7
8.d4 cxd4
9.cxd4 O-O
10.O-O Bc8g4
11.Na3c4 Ra8c8
12.Nc4e3 Nd5xe3
13.Bc1xe3 Qd8d5
14.h3 Bg4xf3
15.Qd1xf3 Qd5xf3
16.gxf3 Rf8d8
17.Ra1d1 Rd8d5
18.f4 e6
19.Rd1d2 Bg7f8
20.a3 Bf8e7
21.Rf1c1 Be7d8
22.Rc1c5 Rd5d7
23.b4 Bd8b6
24.Rc5c1 Rc8d8
25.Rc1d1 Kg7
26.Kg2 f5
27.h4 Kh6
28.Kg3 Kh5
29.Rd2d3 Rd7d5
30.Rd3d2 Rd8d7
31.Rd2d3 a5
32.Kh3 axb4
33.axb4 Rd5b5
34.Be3d2 Rd7d5
35.Bd2c3 Bb6d8
36.Rd1a1 Bd8e7
37.Ra1b1 Rb5b6
{ resign }
0-1

[Event "Match"]
[Site "www.echecsemail.com"]
[Date "2015.03.20"]
[Round "1"]
[White "Llord"]
[Black "Yangqi"]
[WhiteElo "1770"]
[BlackElo "1809"]
[Result "0-1"]
[Round "1"]
1.e4 g6
2.d4 Bf8g7
3.Ng1f3 d6
4.Bf1e2 Ng8f6
5.Nb1c3 O-O
6.O-O a6
7.Bc1g5 h6
8.Bg5h4 g5
9.Bh4g3 Nf6h5
10.e5 Nh5xg3
11.fxg3 b5
12.a3 Bc8b7
13.exd6 Qd8xd6
14.Be2d3 Nb8d7
15.Bd3e4 Bb7xe4
16.Nc3xe4 Qd6g6
17.Rf1e1 Rf8d8
18.h4 f5
19.Ne4c3 e6
20.Qd1e2 g4
21.Nf3d2 Bg7xd4
22.Kh2 Kf7
23.Nd2b3 Bd4b6
24.Ra1d1 c5
25.Kg1 c4
26.Nb3d4 Qg6f6
27.Qe2d2 e5
28.Nc3d5 Bb6xd4
29.Kh2 Qf6d6
30.Nd5e3 Kg6
31.h5 Kh7
32.Ne3xf5 Qd6f6
33.Nf5xd4 exd4
34.Re1f1 Qf6g7
35.Rf1f4 Nd7f6
36.Qd2f2 Rd8d6
37.c3 d3
38.Qf2c5 Rd6d5
39.Qc5c6 Rd5xh5
40.Kg1 Qg7a7
41.Rf4d4 Qa7e7
{ resign }
0-1

[Event "Match"]
[Site "www.echecsemail.com"]
[Date "2015.03.20"]
[Round "1"]
[White "Knitwit"]
[Black "Xandersonx"]
[WhiteElo "1339"]
[BlackElo "1659"]
[Result "0-1"]
[Round "1"]
1.e4 g5
2.d4 e6
3.f3 c5
4.c3 Qd8a5
5.Bc1xg5 cxd4
6.Qd1xd4 Qa5xg5
7.Qd4xh8 Qg5c1
8.Ke2 Qc1c2
9.Ke3 Bf8c5
10.Kf4 Qc2c1
11.Kg3 Qc1g5
12.Kh3 Bc5f2
13.Qh8xh7 d5
14.Nb1d2 Qg5xd2
15.Ng1e2 dxe4
16.Qh7xg8 Kd7
17.Qg8xf7 Kd6
18.Qf7f8 Kc7
19.Ne2g3 e5
20.Kh4 Nb8d7
21.Qf8f7 Qd2h6
22.Kg4 Kb8
23.Ng3xe4 Nd7f6

0-1

[Event "Match"]
[Site "www.echecsemail.com"]
[Date "2015.03.20"]
[Round "1"]
[White "Kesalon"]
[Black "Gilliere"]
[WhiteElo "1830"]
[BlackElo "1840"]
[Result "1-0"]
[Round "1"]
1.e4 e5
2.Ng1f3 d6
3.d4 exd4
4.Nf3xd4 Ng8f6
5.Nb1c3 a6
6.Bc1e3 c5
7.Nd4f3 Nb8d7
8.Bf1c4 h6
9.O-O b5
10.Bc4d5 Ra8b8
11.a3 Nf6xd5
12.Nc3xd5 Bc8b7
13.Rf1e1 Bb7xd5
14.exd5 Bf8e7
15.Be3f4 O-O
16.Qd1d2 Rf8e8
17.b4 c4
18.Nf3d4 Be7f6
19.Nd4c6 Qd8b6
20.Nc6xb8 Re8xb8
21.Ra1b1 g5
22.Bf4g3 Bf6e5
23.Qd2e3 Be5xg3
24.Qe3xg3 Nd7e5
25.h4 f6
26.Qg3h3 g4
27.Qh3g3 h5
28.Qg3f4 Kg7
29.Qf4f5 Rb8h8
30.Qf5e6 Kg6
31.Re1xe5 Qb6d4
32.Re5e1 g3
33.Qe6e4 Qd4xe4
34.Re1xe4 gxf2
35.Kxf2 Kf5
36.Re4e7 Rh8g8
37.Re7d7 Rg8g4
38.Rd7xd6 Rg4f4
39.Kg3 Rf4g4
40.Kh3 Ke5
41.Rd6xa6 Kxd5
42.Ra6xf6 Ke5
43.Rf6h6 Kd4
44.Rh6xh5 Rg4e4
45.Rh5xb5 { resign }
1-0

[Event "1/32 Finale"]
[Site "www.chess-mail.com"]
[Date "2015.03.20"]
[Round "1"]
[White "Numanoid"]
[Black "Fanny33"]
[WhiteElo "2630"]
[BlackElo "2700"]
[Result "1/2-1/2"]
[Round "1"]
1.e4 c5
2.Ng1f3 d6
3.Bf1b5 Nb8d7
4.d4 cxd4
5.Qd1xd4 a6
6.Bb5xd7 Bc8xd7
7.O-O e5
8.Qd4d3 Ra8c8
9.c4 b5
10.Nb1a3 Qd8b6
11.Bc1e3 Qb6b7
12.Rf1e1 h6
13.cxb5 axb5
14.Be3d2 Ng8f6
15.Bd2b4 Rc8d8
16.Nf3d2 Bf8e7
17.Nd2b1 O-O
18.Nb1c3 Bd7c6
19.Na3xb5 Rf8e8
20.a4 d5
21.Bb4xe7 Re8xe7
22.Nc3xd5 Nf6xd5
23.exd5 Rd8xd5
24.Qd3e2 Bc6xb5
25.axb5 Qb7xb5
26.Qe2e4 Re7d7
27.h3 g6
{ draw }
1/2-1/2

[Event "1/16 Finale"]
[Site "www.chess-mail.com"]
[Date "2015.03.20"]
[Round "1"]
[White "Merlino23"]
[Black "Emmanuel69"]
[WhiteElo "2710"]
[BlackElo "1960"]
[Result "1-0"]
[Round "1"]
1.e4 c6
2.d4 d5
3.Nb1c3 e6
4.Ng1f3 Nb8d7
5.Bf1d3 dxe4
6.Nc3xe4 Ng8f6
7.Qd1e2 Bf8e7
8.O-O O-O
9.a3 h6
10.Rf1d1 Rf8e8
11.Ne4xf6 Nd7xf6
12.Nf3e5 Be7f8
13.g4 g6
14.Qe2f3 Bf8g7
15.g5 hxg5
16.Bc1xg5 Qd8xd4
17.Bg5xf6 Bg7xf6
18.Qf3xf6 Re8f8
19.Bd3xg6 { resign }
1-0